MARC details
| 000 -LEADER |
| fixed length control field |
03242nam a2200265 i 4500 |
| 003 - CONTROL NUMBER IDENTIFIER |
| control field |
CSPC |
| 005 - DATE AND TIME OF LATEST TRANSACTION |
| control field |
20260214100833.0 |
| 008 - FIXED-LENGTH DATA ELEMENTS--GENERAL INFORMATION |
| fixed length control field |
260213s2024 nyua b 001 0 eng d |
| 020 ## - INTERNATIONAL STANDARD BOOK NUMBER |
| International Standard Book Number |
9781984685612 |
| 040 ## - CATALOGING SOURCE |
| Original cataloging agency |
CSPC |
| Language of cataloging |
eng |
| Transcribing agency |
CSPC |
| Description conventions |
rda |
| 082 04 - DEWEY DECIMAL CLASSIFICATION NUMBER |
| Classification number |
646.72 |
| Item number |
B385 |
| 245 00 - TITLE STATEMENT |
| Title |
Beauty care services basics. |
| 264 #1 - PRODUCTION, PUBLICATION, DISTRIBUTION, MANUFACTURE, AND COPYRIGHT NOTICE |
| Place of production, publication, distribution, manufacture |
New York : |
| Name of producer, publisher, distributor, manufacturer |
3G E-Learning, |
| Date of production, publication, distribution, manufacture, or copyright notice |
2024. |
| 300 ## - PHYSICAL DESCRIPTION |
| Extent |
182 pages : |
| Other physical details |
illustrations ; |
| Dimensions |
26 cm. |
| 336 ## - CONTENT TYPE |
| Source |
rdacontent |
| Content type term |
text |
| 337 ## - MEDIA TYPE |
| Source |
rdamedia |
| Media type term |
unmediated |
| 338 ## - CARRIER TYPE |
| Source |
rdacarrier |
| Carrier type term |
volume |
| 504 ## - BIBLIOGRAPHY, ETC. NOTE |
| Bibliography, etc. note |
Includes bibliographical references and index. |
| 505 0# - FORMATTED CONTENTS NOTE |
| Formatted contents note |
Introduction to beauty care services -- Skincare -- Makeup application -- Hair care -- Nail care -- Safety and sanitation -- Customer service -- Eyebrow and eyelash services. |
| 520 ## - SUMMARY, ETC. |
| Summary, etc. |
"The beauty industry is a thriving business that includes cosmetics, perfume, skincare, and hair care products. It has been around for centuries, and its growth has been exponential in recent years, with a projected revenue of around US$131 billion by 2026. However, this growth has come at a cost to the environment due to the industry's plastic use. As a result, the beauty industry is undergoing an eco-awakening and transitioning towards sustainable development and resource efficiency, leading to the creation of green products.<br/>Despite the negative impact on the environment, the beauty industry continues to prosper due to three unique circumstances. Firstly, consumers, mostly women, are on a journey of exploration, trying out new products and discovering new brands. Younger consumers are also rejecting large brands and seeking out locally-made, artisanal, natural products. Secondly, the need to be Instagrammable at all times has increased the demand for beauty products, leading to a surge in creativity and entrepreneurship. Finally, acquisitions by major beauty companies of smaller companies at high values are driving more creativity and innovation.<br/>While similar circumstances have happened before in other consumer sectors, the bottom falling out of the beauty industry remains uncertain. The beauty industry has defied gravity for years, and it is difficult to predict when or what will cause its growth to end. However, the industry is evolving towards a more sustainable and environmentally-friendly future, which is a positive step towards reducing its negative impact on the planet.<br/>The book consisting of eight chapters provides an overview of beauty care services and covers various topics related to it. It begins with an introduction to the industry, followed by a detailed discussion of skincare, makeup application, and hair care. The book then focuses on nail care, safety and sanitation, and customer service, which are important aspects of the beauty care industry. Finally, the book delves into the specialized services of eyebrow and eyelash care. The book covers a range of topics related to beauty care services, making it a useful resource for anyone interested in this field"-- Back cover. |
| 650 #4 - SUBJECT ADDED ENTRY--TOPICAL TERM |
| Topical term or geographic name entry element |
Cosmetology. |
| 710 1# - ADDED ENTRY--CORPORATE NAME |
| Corporate name or jurisdiction name as entry element |
3G E-Learning. |
| 942 ## - ADDED ENTRY ELEMENTS (KOHA) |
| Source of classification or shelving scheme |
Dewey Decimal Classification |
| Suppress in OPAC |
No |
| Koha item type |
Books |
| Classification part |
646.72 |
| Item part |
B385 |
| Call number prefix |
CIR |
| Call number suffix |
2024 |